000 00346nam a22001337a 4500
082 _a624.15132
_bSCH
_cD
100 _aSchach, R
_942797
245 _aRock Bolting /
_cA practical handbook
260 _aNew York :
_bPergamon Press,
_c.
300 _a84 p. :
526 _a0
_b0
_c0
_d624_151320000000000_SCH
650 _aMCE
_9379
942 _2ddc
_cBK
999 _c546631
_d546631